|
|
|
|
| LEADER |
00000nbm0a2200000 4500 |
| 001 |
350898 |
| 005 |
20231102010341.0 |
| 035 |
|
|
|a (RuTPU)RU\TPU\retro\5271
|
| 090 |
|
|
|a 350898
|
| 100 |
|
|
|a 20190313d1944 k y0rusy50 ca
|
| 101 |
0 |
|
|a rus
|
| 102 |
|
|
|a RU
|
| 105 |
|
|
|a a p 000zy
|
| 200 |
1 |
|
|a Обледенение проводов и троссов и борьба с ним. Исследование работы электроаппаратуры и изоляции при низких температурах
|e отчет о НИР
|f Транспортно-энергетический институт (ТЭИ) ; Академия наук СССР (АН СССР), Западно-Сибирский филиал ; руководитель А. А. Воробьев ; руководитель И. Н. Бутаков ; исполнители Н. Б. Богданова, Бродянский, А. А. Воробьев, Е. К. Завадовская, Д. Д. Саратовкин
|
| 210 |
|
|
|a Томск
|c [Б. и.]
|d 1944
|
| 215 |
|
|
|a 36 л.
|c ил.
|
| 316 |
|
|
|5 63413507: КР-6260
|a Владельческие пометки в тексте
|
| 316 |
|
|
|5 63413507: КР-6260
|a Вложен лист с рукописным текстом и исправлениями А. А. Воробьева
|
| 317 |
|
|
|5 63413507: КР-6260
|a Поступила в НТБ в 1987 г. в дар от вдовы ученого Е. К. Завадовской
|
| 317 |
|
|
|5 63413507: КР-6746
|a Поступила в НТБ в 1987 г. в дар от вдовы ученого Е. К. Завадовской
|
| 320 |
|
|
|a Цитированная литература: с. 36
|
| 606 |
1 |
|
|a Электрические сети
|x Обледенение
|2 stltpush
|3 (RuTPU)RU\TPU\subj\27409
|9 51169
|
| 610 |
1 |
|
|a электрические провода
|
| 610 |
1 |
|
|a металлические поверхности
|
| 610 |
1 |
|
|a низкие температуры
|
| 610 |
1 |
|
|a стальные тросы
|
| 610 |
1 |
|
|a механические колебания
|
| 610 |
1 |
|
|a разрушение
|
| 610 |
1 |
|
|a борьба
|
| 610 |
1 |
|
|a физико-химические способы
|
| 610 |
1 |
|
|a лед
|
| 610 |
1 |
|
|a предупреждение
|
| 610 |
1 |
|
|a коронирующие электроды
|
| 610 |
1 |
|
|a осаждение
|
| 610 |
1 |
|
|a труды учёных ТПУ
|
| 610 |
1 |
|
|a отчеты о НИР
|
| 610 |
1 |
|
|a библиотека А. А. Воробьева
|
| 610 |
1 |
|
|a владельческие знаки
|
| 610 |
1 |
|
|a владельческая надпись
|
| 675 |
|
|
|a 621.315.175
|v 4
|
| 702 |
|
1 |
|a Воробьев
|b А. А.
|c российский физик
|c ректор Томского политехнического института, профессор
|f 1909-1981
|g Александр Акимович
|x TPU
|2 stltpush
|3 (RuTPU)RU\TPU\pers\12805
|4 673
|
| 702 |
|
1 |
|a Бутаков
|b И. Н.
|c ученый-теплотехник
|c профессор Томского политехнического института
|f 1881-1970
|g Иннокентий Николаевич
|x TPU
|2 stltpush
|3 (RuTPU)RU\TPU\pers\18396
|4 673
|
| 702 |
|
1 |
|a Богданова
|b Н. Б.
|4 677
|
| 702 |
|
1 |
|a Бродянский
|4 677
|
| 702 |
|
1 |
|a Воробьев
|b А. А.
|c российский физик
|c ректор Томского политехнического института, профессор
|f 1909-1981
|g Александр Акимович
|x TPU
|2 stltpush
|3 (RuTPU)RU\TPU\pers\12805
|4 677
|
| 702 |
|
1 |
|a Завадовская
|b Е. К.
|c российский физик
|c профессор кафедры физики твердого тела Томского политехнического института
|f 1913-2004
|g Екатерина Константиновна
|2 stltpush
|3 (RuTPU)RU\TPU\pers\19787
|4 677
|
| 702 |
|
1 |
|a Саратовкин
|b Д. Д.
|4 677
|
| 712 |
0 |
2 |
|a Транспортно-энергетический институт (ТЭИ)
|c (Новосибирск)
|c (1943-1963)
|2 stltpush
|3 (RuTPU)RU\TPU\col\15828
|4 595
|
| 712 |
0 |
2 |
|a Академия наук СССР (АН СССР)
|b Западно-Сибирский филиал
|c (Новосибирск)
|2 stltpush
|3 (RuTPU)RU\TPU\col\3592
|4 595
|
| 801 |
|
1 |
|a RU
|b 63413507
|c 20190313
|
| 801 |
|
2 |
|a RU
|b 63413507
|c 20191206
|g RCR
|
| 942 |
|
|
|c BK
|